[Event "Ruhrgebiet Verbandsliga Gruppe 1 1617"]
[Site "Germany"]
[Date "2016.09.25"]
[Round "2.8"]
[White "Zill, Siegfried"]
[Black "Markert, Dirk"]
[Result "0-1"]
[WhiteElo "1529"]
[BlackElo "1834"]
[PlyCount "68"]
[EventDate "2016.09.04"]
[EventType "team-tourn"]
[EventRounds "9"]
[EventCountry "GER"]
[SourceTitle "EXT 2022"]
[Source "ChessBase"]
[SourceDate "2021.10.06"]
[SourceVersion "1"]
[SourceVersionDate "2021.10.06"]
[SourceQuality "1"]
[WhiteTeam "Eving SV Rochade"]
[BlackTeam "Kamen SV II"]
[WhiteTeamCountry "GER"]
[BlackTeamCountry "GER"]

1. f4 d5 2. Nf3 Bg4 3. e3 e6 4. h3 Bxf3 5. Qxf3 Nd7 6. b3 Ne7 7. Bb2 c6 8. Nc3 Qc7 9. d4 Nf5 10. Bd3 Be7 11. Bxf5 exf5 12. 0-0-0 0-0-0 13. g4 fxg4 14. hxg4 Bb4 15. Rh3 Qa5 16. e4 dxe4 17. Qxe4 Nf6 18. Qf5+ Qxf5 19. gxf5 Bxc3 20. Bxc3 Ne4 21. Be1 f6 22. c3 Rd5 23. Rh5 Nd6 24. c4 Rxf5 25. Rxf5 Nxf5 26. d5 Rd8 27. Bf2 b6 28. Rh1 Rh8 29. dxc6 Kc7 30. c5 Kxc6 31. cxb6 axb6 32. Kb2 Re8 33. Rc1+ Kb7 34. Rc2 Re4 0-1

[Event "Ruhrgebiet VK1 1213"]
[Site "Nordrheinwestfalen"]
[Date "2012.10.28"]
[Round "3.8"]
[White "Zill, Siegfried"]
[Black "Arlt, Andreas"]
[Result "1-0"]
[WhiteElo "1607"]
[BlackElo "1838"]
[PlyCount "77"]
[EventDate "2012.09.02"]
[EventType "team-tourn"]
[EventRounds "9"]
[EventCountry "GER"]
[SourceTitle "EXT 2020"]
[Source "ChessBase"]
[SourceDate "2019.10.17"]
[SourceVersion "1"]
[SourceVersionDate "2019.10.17"]
[SourceQuality "1"]
[WhiteTeam "Rochade Eving"]
[BlackTeam "Waltrop SV"]
[WhiteTeamCountry "GER"]
[BlackTeamCountry "GER"]

1. f4 Nf6 2. Nf3 g6 3. Nc3 Bg7 4. e4 d6 5. d4 c6 6. Be2 0-0 7. 0-0 Qc7 8. Nh4 b5 9. Bf3 b4 10. Na4 Bb7 11. Be3 Nbd7 12. Qd2 c5 13. d5 Qa5 14. b3 Ba6 15. e5 dxe5 16. fxe5 Nxe5 17. Bxc5 Bxf1 18. Bxb4 Nxf3+ 19. Nxf3 Qxd5 20. Rxf1 Qb7 21. c4 Rab8 22. Ba3 Rfd8 23. Qe2 e6 24. h3 Ne4 25. Re1 Nc3 26. Nxc3 Bxc3 27. Rd1 Qc7 28. Rxd8+ Rxd8 29. Bc1 Bg7 30. Be3 a6 31. Bf2 Qd6 32. Qe4 Qd3 33. Qc6 Qd6 34. Qb7 Rb8 35. Qe4 Qd1+ 36. Kh2 Rd8 37. Bh4 Qd6+ 38. Bg3 h6 39. Bxd6 1-0

[Event "Unna op"]
[Site "Unna"]
[Date "2007.12.27"]
[Round "1"]
[White "Zill, Siegfried"]
[Black "Wolf, Ulrich"]
[Result "0-1"]
[WhiteElo "1812"]
[BlackElo "2126"]
[PlyCount "42"]
[EventDate "2007.12.27"]
[EventType "swiss"]
[EventRounds "7"]
[EventCountry "GER"]
[SourceTitle "CBM 122 Extra"]
[Source "ChessBase"]
[SourceDate "2008.03.04"]
[SourceVersion "1"]
[SourceVersionDate "2008.03.04"]
[SourceQuality "1"]

1. e4 c5 2. Nf3 e6 3. d4 cxd4 4. Nxd4 a6 5. Nc3 Qc7 6. Be3 Bb4 7. Qd2 Nf6 8. f3 d5 9. a3 Bxc3 10. Qxc3 Qxc3+ 11. bxc3 dxe4 12. Be2 Nd5 13. Kd2 Nxe3 14. Kxe3 exf3 15. Bxf3 e5 16. Ne2 Nc6 17. Rab1 Na5 18. Bd5 Ke7 19. Rhf1 f6 20. Rb6 Rd8 21. c4 Rxd5 0-1

[Event "GER-ch Seniors 18th"]
[Site "Dresden"]
[Date "2006.07.27"]
[Round "6"]
[White "Zill, Siegfried"]
[Black "Mishin, Fedor"]
[Result "1-0"]
[WhiteElo "1658"]
[BlackElo "1478"]
[PlyCount "33"]
[EventDate "2006.07.22"]
[EventType "swiss"]
[EventRounds "9"]
[EventCountry "GER"]
[SourceTitle "EXT 2022"]
[Source "ChessBase"]
[SourceDate "2021.10.06"]
[SourceVersion "1"]
[SourceVersionDate "2021.10.06"]
[SourceQuality "1"]

1. e4 Nc6 2. d4 b6 3. Nf3 e6 4. a3 Be7 5. Nc3 Nf6 6. e5 Nd5 7. Nxd5 exd5 8. Bb5 a6 9. Bxc6 dxc6 10. h3 0-0 11. Be3 c5 12. c3 cxd4 13. cxd4 Bb7 14. 0-0 c5 15. Rc1 Re8 16. Qd2 c4 17. Ne1 1-0

[Event "GER-ch Seniors 18th"]
[Site "Dresden"]
[Date "2006.07.23"]
[Round "2"]
[White "Zill, Siegfried"]
[Black "Werner, Hubert"]
[Result "1/2-1/2"]
[WhiteElo "1658"]
[BlackElo "1723"]
[PlyCount "41"]
[EventDate "2006.07.22"]
[EventType "swiss"]
[EventRounds "9"]
[EventCountry "GER"]
[SourceTitle "EXT 2022"]
[Source "ChessBase"]
[SourceDate "2021.10.06"]
[SourceVersion "1"]
[SourceVersionDate "2021.10.06"]
[SourceQuality "1"]

1. e4 c5 2. Nf3 Nc6 3. d4 cxd4 4. Nxd4 Nf6 5. Nc3 e6 6. Be3 Bb4 7. f3 a6 8. Qd2 0-0 9. a3 Be7 10. Be2 Qc7 11. 0-0-0 b5 12. Nxc6 dxc6 13. Na2 Bb7 14. Qc3 c5 15. g3 Rac8 16. Bf4 Qb6 17. g4 Rfd8 18. Rxd8+ Rxd8 19. Rd1 Rxd1+ 20. Bxd1 Nd7 21. Qd2 1/2-1/2

[Event "NRW-ch Seniors 17th"]
[Site "Hattingen"]
[Date "2006.05.12"]
[Round "5"]
[White "Zill, Siegfried"]
[Black "Wallhof, Dieter"]
[Result "0-1"]
[WhiteElo "1679"]
[BlackElo "1954"]
[PlyCount "41"]
[EventDate "2006.05.08"]
[EventType "swiss"]
[EventRounds "9"]
[EventCountry "GER"]
[SourceTitle "EXT 2007"]
[Source "ChessBase"]
[SourceDate "2006.11.23"]
[SourceVersion "1"]
[SourceVersionDate "2006.11.23"]
[SourceQuality "1"]

1. e4 c5 2. Nf3 e6 3. d4 cxd4 4. Nxd4 a6 5. a3 Nf6 6. Bd3 Qc7 7. 0-0 b5 8. Be3 Bb7 9. Nd2 d5 10. exd5 Nxd5 11. Qh5 Nf6 12. Qh3 Be7 13. Rae1 Nc6 14. N4f3 Rd8 15. g4 h5 16. g5 Ng4 17. g6 f6 18. Ne4 Bc8 19. Bc5 Nce5 20. Bxe7 Nxf3+ 21. Qxf3 0-1

[Event "GER-ch Seniors-A 17th"]
[Site "Essen"]
[Date "2005.08.28"]
[Round "8"]
[White "Merettig, Georg"]
[Black "Zill, Siegfried"]
[Result "1-0"]
[WhiteElo "1924"]
[BlackElo "1808"]
[PlyCount "35"]
[EventDate "2005.08.20"]
[EventType "swiss"]
[EventRounds "9"]
[EventCountry "GER"]
[SourceTitle "CBM 108 Extra"]
[Source "ChessBase"]
[SourceDate "2005.11.04"]
[SourceVersion "1"]
[SourceVersionDate "2005.11.04"]
[SourceQuality "1"]

1. Nc3 Nf6 2. e4 d5 3. e5 d4 4. Nce2 Ng4 5. f4 d3 6. Nc3 dxc2 7. Qxc2 Qd4 8. Nh3 Nc6 9. Ne2 Qb6 10. Qe4 Nh6 11. Ng3 g6 12. Bc4 Bxh3 13. gxh3 e6 14. Rf1 0-0-0 15. Rf3 Rd4 16. Qc2 Qc5 17. Rc3 Rxf4 18. Bxe6+ 1-0

[Event "GER-ch Seniors-A 17th"]
[Site "Essen"]
[Date "2005.08.21"]
[Round "2"]
[White "Zill, Siegfried"]
[Black "Fassmann, Kurt"]
[Result "0-1"]
[WhiteElo "1808"]
[BlackElo "2062"]
[PlyCount "60"]
[EventDate "2005.08.20"]
[EventType "swiss"]
[EventRounds "9"]
[EventCountry "GER"]
[SourceTitle "CBM 108 Extra"]
[Source "ChessBase"]
[SourceDate "2005.11.04"]
[SourceVersion "1"]
[SourceVersionDate "2005.11.04"]
[SourceQuality "1"]

1. e4 c6 2. d4 g6 3. f4 d5 4. e5 Nh6 5. h3 Bf5 6. Bd3 e6 7. Nf3 c5 8. 0-0 Nc6 9. c3 Bxd3 10. Qxd3 Nf5 11. Be3 Qb6 12. b3 cxd4 13. cxd4 Nb4 14. Qd2 Nxe3 15. Qxe3 Nc2 16. Qc3 Nxa1 17. Qxa1 Bh6 18. g3 0-0 19. Nc3 Rfc8 20. Nd1 Qb4 21. Ne3 Qc3 22. Ng4 Qxa1 23. Rxa1 Bg7 24. Nf6+ Bxf6 25. exf6 Rc3 26. Rf1 Rac8 27. g4 Rc1 28. Rxc1 Rxc1+ 29. Kf2 Rc2+ 30. Kg3 Rxa2 0-1

[Event "Dortmund op-B"]
[Site "Dortmund"]
[Date "2003.08.02"]
[Round "2"]
[White "Zill, Siegfried"]
[Black "Schoettler, Katharina"]
[Result "0-1"]
[WhiteElo "1642"]
[BlackElo "1402"]
[PlyCount "102"]
[EventDate "2003.08.01"]
[EventType "swiss"]
[EventRounds "9"]
[EventCountry "GER"]
[SourceTitle "CBM 095 Extra"]
[Source "ChessBase"]
[SourceDate "2003.09.04"]
[SourceVersion "1"]
[SourceVersionDate "2003.09.04"]
[SourceQuality "1"]

1. f4 d5 2. Nf3 Nc6 3. e3 Nf6 4. b3 Bg4 5. Bb5 Qd6 6. Bb2 a6 7. Be2 Bxf3 8. Bxf3 e5 9. fxe5 Nxe5 10. 0-0 Be7 11. d3 0-0 12. Nd2 Rad8 13. Qe2 c6 14. g3 Qe6 15. e4 Nxf3+ 16. Rxf3 dxe4 17. Nxe4 Nxe4 18. dxe4 Rfe8 19. Raf1 f6 20. Kg2 Bb4 21. Rd3 Rxd3 22. cxd3 Rd8 23. Rf3 Bc5 24. Qc2 Bd4 25. Bc1 Rf8 26. Qc4 Qxc4 27. bxc4 b5 28. cxb5 cxb5 29. Be3 Rd8 30. Kf2 Be5 31. Ke2 Kf7 32. Rf1 Ke6 33. Rd1 Rc8 34. d4 Bd6 35. Kd3 Rc4 36. Bf4 Ra4 37. Rd2 Ra3+ 38. Ke2 Bxf4 39. gxf4 Rh3 40. Kd1 g6 41. d5+ Kd6 42. e5+ fxe5 43. fxe5+ Kd7 44. Ke2 Rxh2+ 45. Ke3 Rxd2 46. Kxd2 g5 47. Ke3 g4 48. Kf4 h5 49. Kg5 g3 50. Kf6 g2 51. e6+ Ke8 0-1